| 000 | 02383nam a22002657a 4500 | ||
|---|---|---|---|
| 999 |
_c60286 _d60286 |
||
| 003 | Ge_BSU | ||
| 005 | 20230626115934.0 | ||
| 008 | 230626b xxu||||| |||| 00| 0 geo d | ||
| 020 | _a9789941227561 | ||
| 041 | _ageo | ||
| 080 | _a903.22(395.3/4) ი-72 | ||
| 100 |
_aანჩაბაძე, ირაკლი _918964 |
||
| 245 |
_aშეიარაღება ანტიკური და ადრეშუასაუკუნეების იბერია-კოლხეთში (ძვ.წ. VII-ახ.წ. VII სს) = Weaponry in the antique and early medieval period Iberia-Colchis (the 7th cent. BC-7th cent. AD) / _cირაკლი ანჩაბაძე; რედაქტორი ზვიად კვიციანი; ივანე ჯავახიშვილის სახ. თბილისის სახელმწ. უნ-ტი, ჰუმანიტარულ მეცნიერებათა ფაკ-ტი, არქეოლოგიის ინ-ტი. |
||
| 264 |
_aთბილისი : _bუნივერსალი, _c2016. |
||
| 300 |
_a278 გვ. : _bტაბ.; _c20 სმ. |
||
| 500 | _aგარეკანზე: ძვლის გრავირებული ფირფიტა მხედართა ბრძოლის სცენით ი. გაგოშიძე. ”პირველი საუკუნის იბერიელი მხედარი”. | ||
| 501 | _aგარეკანი და თავფურცელი აგრეთვე ინგლისურ ენაზე. | ||
| 504 | _aბიბლიოგრაფია: გვ. 202-218 . | ||
| 520 | _aრეზიუმე ინგლისურ ენაზე. | ||
| 653 | _aსაბრძოლო იარაღები საქართველოში | ||
| 653 | _aარქეოლოგიური გათხრები საქართველოში | ||
| 700 |
_aკვიციანი, ზვიად _eრედაქტორი _93573 |
||
| 710 |
_aივანე ჯავახიშვილის სახ. თბილისის სახელმწ. უნ-ტი _bჰუმანიტარულ მეცნიერებათა ფაკ-ტი, არქეოლოგიის ინ-ტი _918965 |
||
| 942 |
_2udc _cBK |
||